000 00618nam a2200229Ia 4500
003 OSt
005 20220928101724.0
006 a|||||r|||| 00| 0
007 ta
008 220927b |||||||| |||| 00| 0 hin d
024 _a58190
037 _cTextual
040 _aSDCL
_cSDCL
_bhin
041 _2hin
_ahin
082 _aO152,3N7:g, K7
100 _aGanga Prasad Vimal
_9394252
245 0 _aSamkaleen kahani ka rachna vidhan.
260 _aDelhi
_bSushma Pustakalya
_c1967
300 _a116p.
_ccm.
942 _hO152,3N7:g, K7
_cTEXL
_2CC
999 _c709803
_d709803